Η διδασκαλία των ξένων γλωσσών στην τριτοβάθμια εκπαίδευση : πρακτικά διεθνούς συνεδρίου = Foreign language teaching in teriary education : conference proceedings

Αποθηκεύτηκε σε:
Λεπτομέρειες βιβλιογραφικής εγγραφής
Συλλογικό Έργο: Διεθνές Συνέδριο "Η Διδασκαλία των Ξένων Γλωσσών στην Τριτοβάθμια Εκπαίδευση" Ηγουμενίτσα, Ελλάδα, Τεχνολογικό Εκπαιδευτικό Ίδρυμα Ηπείρου. Τμήμα Εφαρμογών Ξένων Γλωσσών στη Διοίκηση και το Εμπόριο
Μορφή: Πρακτικό Συνεδρίου Βιβλίο
Γλώσσα:Greek
English
French
Δημοσίευση: [Αθήνα] : Διόνικος, [c2006].
Θέματα:
Ετικέτες: Προσθήκη ετικέτας
Δεν υπάρχουν, Καταχωρήστε ετικέτα πρώτοι!

MARC

LEADER 00000cam a2200000 i 4500
001 1/9113
008 100709s2006 gr | ||| |||| ||gre||
020 |a 9606619133 
035 |l 10108511 
040 |a GR-MY-UA  |b gre  |e aacr 
041 0 |a gre  |a eng  |a fre 
082 7 |a 428.2   |2 (22) 
111 2 |a Διεθνές Συνέδριο "Η Διδασκαλία των Ξένων Γλωσσών στην Τριτοβάθμια Εκπαίδευση"   |n (1ο :   |d 2005 :   |c Ηγουμενίτσα, Ελλάδα) 
245 1 2 |a Η διδασκαλία των ξένων γλωσσών στην τριτοβάθμια εκπαίδευση :   |b πρακτικά διεθνούς συνεδρίου = Foreign language teaching in teriary education : conference proceedings /   |c Τεχνολογικό Εκπαιδευτικό Ίδρυμα Ηπείρου - Τμήμα Εφαρμογών Ξένων Γλωσσών στη Διοίκηση και το Εμπόριο.  
260 |a [Αθήνα] :   |b Διόνικος,   |c [c2006].  
300 |a 278 σ. ;   |c 24 εκ.  
500 |a "Τα πρακτικά του διεθνούς συνεδρίου που πραγματοποιήθηκε στις 9 και 10 Ιουνίου 2005 στην Ηγουμενίτσα, εκδόθηκαν με την ευγενική υποστήριξη του Δήμου Ηγουμενίτσας".  
650 0 0 |a Language and languages  |x Study and teaching (Higher)  |z Greece  |x Congresses. 
650 0 0 |a English language  |x Study and teaching (Higher)  |z Greece  |x Congresses. 
710 2 |a Τεχνολογικό Εκπαιδευτικό Ίδρυμα Ηπείρου.   |b Τμήμα Εφαρμογών Ξένων Γλωσσών στη Διοίκηση και το Εμπόριο. 
852 |a INST  |b RHODES  |e 20100709  |h 428.2 ΔΙΕ  |p 005400032928  |q 005400032928  |t BK  |y 0 
901 |a BIBL4-2010-2 
909 |a Ρ  |b 163358 
970 |a ΚΟΖΑ  |b ΜΑΡΙΑ  |z 2010/07/09